000 00922cam a2200241 4500
001 ABS61572
008 000000n1999 000 0 eng u
035 _a(Sirsi) u102273
100 _aAllen, N.
245 _aSuspended possession orders
260 _c1999
490 _aSolicitors' Journal
_v143(42) 5 November 1999, 1038-1039(2)
520 _aConsiders the case "Capital Prime Plus v Wills" regarding possession of a property let as an assured tenancy under the Housing Act 1988, and discusses its implications for landlords wanting to gain possession due to rent arrears.
590 _aABS
650 _aRENT ARREARS
650 _aSUSPENDED POSSESSION ORDERS
650 _aHOUSING ACT 1988
650 _aASSURED TENANCIES
650 _aCAPITAL PRIME PLUS V WILLS
690 _aPROPERTY-RESIDENTIAL PROPERTY-RESIDENTIAL LANDLORD AND TENANT-RESIDENTIAL TENANCIES
700 _aChawner, M.
942 _n0
999 _c61303
_d61303